Statistics for The Office quiz

Click here to take the quiz!

General Stats

  • This quiz has been taken 109 times
  • The average score is 8 of 20

Answer Stats

Hint Answer % Correct
Who gets the bronze medal in the OlympicsJim
73%
Who does "the thing" to Michael's carpetTodd Packer
72%
In Michael's version of the local ad, who plays Phyllis' sonDwight
67%
The typo on Phyllis' DundieBushiest beaver
56%
What is the brand of Michael's favourite jeansLevi's
53%
How did the chair model dieCar accident
48%
How old was Diwght when he first flew a plane4
48%
Which company ended up receiving all of the golden ticketsBlue Cross
47%
In which country do Pam and Jim honeymoon inPuerto Rico
44%
What gift does corporate get the office for the Moroccan ChristmasShot glasses
40%
What is the trick to Kevin's famous chilliUndercook the onions
39%
Dwight dresses up as a Sith Lord fo Halloween, Phyllis thinks he is aMonk
38%
What does Meredith write on the do not mock listSex with a terrorist
33%
Ryan said in NYC he hooked up with a girl who liked like a contestant in this showSurvivor
33%
"I can't tell you how much leftover ____ I've ended up eating over the years."Guacamole
31%
What type of shoes does Dwight keep in his car for special occassionsBirkenstocks
27%
Medical condition Kevin is too embarrassed he admit he hasAnal fissures
25%
Pam and Jim buy 69 ____ of these for Kevin during his cancer scareCup of noodles
23%
Where did Toby travel to after his divorceAmsterdam
18%
What gift Stanley got Pam and Roy for their weddingA toaster
17%

Score Distribution

Percentile by Number Answered

Percent of People with Each Score

Your Score History

You have not taken this quiz